LEADER 01471nam 2200469 450 001 9910671954303321 005 20200720105418.0 035 $a(CKB)4920000000519966 035 $a(OCoLC) 1153981375 035 $a(FINmELB)ELB125753 035 $a(EXLCZ)994920000000519966 100 $a20200720d2019 uy 0 101 0 $aspa 135 $aurcn||||||||| 181 $ctxt$2rdacontent/spa 182 $cc$2rdamedia/spa 183 $acr$2rdacarrier/spa 200 10$aEjercicios de microeconomi?a financiera /$fJose? Luis Ruiz Pe?rez 210 1$aBogota? :$cEcoe Ediciones,$d2019. 215 $a1 recurso en li?nea (236 pa?ginas) 225 1 $aCiencias empresariales. Economi?a 311 $a958-771-817-8 311 $a958-771-818-6 320 $aContiene bibliografi?a. 410 0$aCiencias empresariales. Economi?a. 606 $aFinance$vProblems, exercises, etc 606 $aMicroeconomics$vProblems, exercises, etc 606 $aFinanzas$vProblemas, ejercicios, etc 606 $aMicroeconomi?a$vProblemas, ejercicios, etc 608 $aLibros electro?nicos. 615 0$aFinance 615 0$aMicroeconomics 615 4$aFinanzas 615 4$aMicroeconomi?a 676 $a332.076 700 $aRuiz Pe?rez$b Jose? Luis$01334297 801 0$bFINmELB 801 1$bFINmELB 906 $aBOOK 912 $a9910671954303321 996 $aEjercicios de microeconomi?a financiera$93045285 997 $aUNINA